Movies Quiz

Random Movies or Lyrics Quiz

10 Things I Click About You Quiz Stats

 Plays Quiz Updated Mar 29, 2013

Also try: Movies With Teeth
Challenge
Share
Tweet
Embed
Score 0/13 Timer 05:00
4 Plays Today
% Correct
The way I don't hate you not even close not even a little bit not even at all
71.5%
When you make me cry
69.7%
The fact that you didn't call
65.7%
When you're not around
64.2%
When you make me laugh
62.9%
The way you read my mind
59.9%
When you lie
57.8%
The way you're always right
57.7%
The way you stare
57.7%
The way you cut your hair
57.5%
Your big dumb combat boots
51.9%
The way you drive my car
49.8%
The way you talk to me
46.2%

You're not logged in!

Compare scores with friends on all Sporcle quizzes.
OR
Log In

You Might Also Like...

Show Comments

Extras

Top Quizzes Today


Score Distribution

Your Account Isn't Verified!

In order to create a playlist on Sporcle, you need to verify the email address you used during registration. Go to your Sporcle Settings to finish the process.

Report this User

Report this user for behavior that violates our Community Guidelines.

Details: